• 首页
  • 本馆介绍
  • 公告通知
  • 最新文献
  • 馆藏检索
  • 电子资源
  • 读者导购
  • 参考咨询
  • 我的图书馆
  • 登录
  • 详细信息显示
  • 放入我的书架
  • 预约/预借图书
  • 作者相关作品
  • 分类相关作品
  • 丛书相关作品
  • 出版社相关作品

书目信息

  • 表格格式
  • 工作单格式
  • 卡片格式
题名:
国际电影宣传画
    
 
作者:
分册: 3  
出版信息: 沈阳   辽宁美术出版社  1982
页数: 82页
开本: 20cm
丛书名:
单 册:
中图分类: J238.1
科图分类:
主题词: 宣传画-电影--世界 , 电影-宣传画--世界
电子资源:
ISBN:
000 00563nam0 2200217 45
001 0182000027
005 20061116095507.60
010    @dCNY2.10
091    @aCN@b8161.0105
100    @a19960215d1982 em y0chiy0121 ea
101 0  @achi
102    @aCN@b210000
105    @ay z 000yy
200 10 @a国际电影宣传画@Aguo ji dian ying xuan chuan hua@h3
210    @a沈阳@c辽宁美术出版社@d1982
215    @a82页@d20cm
606    @a宣传画-电影@y世界
606    @a电影-宣传画@y世界
690    @aJ238.1@v3
801  0 @aCN@bTSSF@c20061116
905    @a10447@dJ238.1@e21
    
    国际电影宣传画.3.-沈阳:辽宁美术出版社,1982
    82页;20cm
    
    
    ISBN :CNY2.10
    
●
相关链接 在E读中查询图书 在五车中查询图书 在当当中查询图书 在豆瓣中查询图书


正题名:国际电影宣传画     索取号:J238.1/21         预约/预借

序号 登录号 条形码 馆藏地/架位号 状态 备注
1 0107729   000793467   第一样本阅览室/ [索取号:J238.1/21] 在馆    
唐山师范学院图书馆 欢迎您!
大连网信软件有限公司© 版权所有